| 000 | 00935nam a2200241 a 4500 | ||
|---|---|---|---|
| 001 | 76075 | ||
| 003 | BD-RjUL | ||
| 005 | 20211209082802.0 | ||
| 008 | 191020s2017 bg a|||| |||| 00| 0 ben d | ||
| 020 | _a9787010502404 | ||
| 035 | _a(BD-RjUL)76295 | ||
| 040 |
_aBD-RjUL _beng _cBD-RjUL _dBD-RjUL |
||
| 041 | _aeng | ||
| 082 |
_223 _a954.9205 _bSIS 2017 |
||
| 100 | 1 |
_a সিদ্দিকী, কাদের _9211930 _eবঙ্গবীর |
|
| 245 | 1 | 0 |
_aস্বাধীনতা'৭১ / _cকাদের সিদ্দিকী |
| 250 | _aষষ্ঠ সংস্করণ | ||
| 260 |
_aঢাকা : _bঅনন্যা, _c২০১৭. |
||
| 300 |
_a৮৬১, xvi পৃ. : _bচিত্র. ; _c২০ সেমি. |
||
| 651 |
_aBangladesh _xHistory _yRevolution, 1971 _9233946 |
||
| 651 |
_aবাংলাদেশ _xইতিহাস _yমুক্তিযুদ্ধ, ১৯৭১ _9233947 |
||
| 942 |
_2ddc _cBK |
||
| 999 |
_c76075 _d76075 |
||